000 00616nam a2200205Ii 4500
001 8457
003 CO-ViMGA
008 241108s9999||||xx |||||||||||||| ||und||
040 _aCO-ViMGA
_bspa
_erda
_cCO-ViMGA
041 0 _aspa
082 0 4 _a614.48617 M181
110 1 _aMinisterio de salud,
_918331
245 1 0 _aPerfiles epidemiológicas :
_bregiones orinoquia y amazonia
264 1 _aBogotá, Colombia : Margarita, 1996
300 _avolumen
336 _atext
_btxt
_2rdacontent
337 _aunmediated
_bn
_2rdamedia
338 _avolume
_bnc
_2rdacarrier
940 _aidficha_siabuc: 8263. -- ficha_no_siabuc:8457
999 _c48215
_d48215